NBA Assist Leaders Per Game 2011-2012 - Statistics

General Stats
  • This quiz has been taken 474 times
  • The average score is 12 of 30
Answer Stats
Assist Per Game Player % Correct
9.1 Chris Paul
90%
6.2 LeBron James
89%
11.7 Rajon Rondo
80%
5.5 Russell Westbrook
80%
10.7 Steve Nash
78%
5.5 Jason Kidd
65%
8.0 John Wall
64%
5.3 Spethen Curry
64%
7.9 Derrick Rose
62%
8.7 Deron Williams
59%
7.7 Tony Parker
55%
5.4 Kyrie Irving
48%
8.2 Ricky Rubio
37%
6.6 Kyle Lowry
36%
6.5 Mike Conley
32%
6.0 Monta Ellis
30%
8.8 Jose Calderon
27%
6.6 Ty Lawson
27%
5.5 Brandon Jennings
26%
6.5 Raymond Felton
26%
5.7 Jameer Nelson
24%
6.7 Andre Miller
23%
5.3 Goran Dragic
22%
6.2 Jeremy Lin
21%
6.3 Jarrett Jack
19%
5.7 J.J. Barea
12%
6.4 D.J. Augustin
11%
5.5 Andre Iguodala
10%
5.4 Greivis Vasquez
10%
5.5 Ramon Sessions
10%
No matching quizzes found
Score Distribution
Percent of People with Each Score
Percentile by Number Answered
Your Score History
You have not taken this quiz